[Event "RA-2018-0-00589"]
[Site "LSS email"]
[Date "2018.07.24"]
[Round "?"]
[White "Borisov, Alexandr Vl"]
[Black "Cirulis, Ilmars"]
[Result "1/2-1/2"]
[WhiteElo "2331"]
[BlackElo "2204"]
[PlyCount "55"]
[EventDate "2018.06.29"]
[EventType "tourn (corr)"]
[EventRounds "6"]
[EventCountry "GER"]
[SourceTitle "Corr 2022"]
[Source "ChessBase"]
[SourceDate "2021.10.24"]
[SourceVersion "1"]
[SourceVersionDate "2021.10.24"]
[SourceQuality "1"]

1. e4 e6 2. d4 d5 3. Nc3 Nf6 4. e5 Nfd7 5. f4 c5 6. Nf3 cxd4 7. Nxd4 Nc6 8. Be3 Qb6 9. Qd2 Qxb2 10. Rb1 Qa3 11. Bb5 Nxd4 12. Bxd4 a6 13. Bxd7+ Bxd7 14. Rb3 Qe7 15. Rxb7 Rc8 16. 0-0 Qd8 17. f5 exf5 18. Qd3 Bc5 19. Bxc5 Rxc5 20. Nxd5 Bc8 21. Re7+ Kf8 22. Qa3 Qa5 23. Qxa5 Rxa5 24. Rc7 Be6 25. Nf4 Rxe5 26. Nxe6+ Rxe6 27. Rxf5 Re7 28. Rc8+ 1/2-1/2

[Event "RA-2018-0-00589"]
[Site "LSS email"]
[Date "2018.07.24"]
[Round "?"]
[White "Borisov, Alexandr Vl"]
[Black "Morcin, Tom"]
[Result "1/2-1/2"]
[WhiteElo "2331"]
[BlackElo "2222"]
[PlyCount "71"]
[EventDate "2018.06.29"]
[EventType "tourn (corr)"]
[EventRounds "6"]
[EventCountry "GER"]
[SourceTitle "Corr 2022"]
[Source "ChessBase"]
[SourceDate "2021.10.24"]
[SourceVersion "1"]
[SourceVersionDate "2021.10.24"]
[SourceQuality "1"]

1. e4 e5 2. Nf3 Nc6 3. Bb5 Nf6 4. d3 Bc5 5. Bxc6 dxc6 6. Nbd2 Be6 7. 0-0 Nd7 8. Nb3 Be7 9. Na5 Qc8 10. b3 0-0 11. Ng5 Bxg5 12. Bxg5 f6 13. Be3 c5 14. Nc4 b6 15. f4 exf4 16. Bxf4 Nb8 17. Ne3 Qd7 18. Rf2 Nc6 19. Qd2 a5 20. a4 Nd4 21. Raf1 Rfe8 22. h3 Re7 23. g4 Kh8 24. Kh2 Rf7 25. Rg1 Rg8 26. h4 Qc6 27. Rg3 Qe8 28. Nf5 Rd7 29. Qd1 Bf7 30. Qf1 Be6 31. Be3 Rf8 32. h5 h6 33. Nh4 Rff7 34. Bf4 Kg8 35. Qh3 Rd8 36. Ng6 1/2-1/2

[Event "SM-2016-0-00350"]
[Site "LSS email"]
[Date "2016.04.05"]
[Round "?"]
[White "Borisov, Alexandr Vl"]
[Black "Pascual Perez, Norge"]
[Result "1-0"]
[WhiteElo "2273"]
[BlackElo "2393"]
[PlyCount "75"]
[EventDate "2016.01.24"]
[EventType "tourn (corr)"]
[EventRounds "6"]
[EventCountry "GER"]
[SourceTitle "Corr 2022"]
[Source "ChessBase"]
[SourceDate "2021.10.24"]
[SourceVersion "1"]
[SourceVersionDate "2021.10.24"]
[SourceQuality "1"]

1. d4 Nf6 2. c4 g6 3. f3 Nc6 4. d5 Ne5 5. e4 d6 6. Nc3 Bg7 7. f4 Ned7 8. Nh3 0-0 9. Be2 Nc5 10. Nf2 e6 11. 0-0 b6 12. Re1 Nfd7 13. Qc2 Bd4 14. Rd1 e5 15. Rxd4 exd4 16. Nb5 d3 17. Bxd3 Nxd3 18. Qxd3 Nc5 19. Qc3 Re8 20. e5 Bd7 21. b3 Bxb5 22. Bb2 Ba6 23. e6 f6 24. f5 gxf5 25. Qg3+ Kf8 26. Ng4 fxg4 27. Rf1 Nd7 28. Qh4 Qe7 29. Rxf6+ Qxf6 30. Bxf6 Nxf6 31. Qxf6+ Kg8 32. Qf7+ Kh8 33. Qxc7 Bc8 34. Qxd6 Bxe6 35. dxe6 Kg7 36. Qe5+ Kg6 37. h4 gxh3 38. g4 1-0

[Event "CP-2016-S-00001"]
[Site "LSS email"]
[Date "2016.03.06"]
[Round "?"]
[White "Tsygankov, Evgeny Georgievich"]
[Black "Borisov, Alexandr Vl"]
[Result "1/2-1/2"]
[WhiteElo "2428"]
[BlackElo "2277"]
[PlyCount "46"]
[EventDate "2016.03.10"]
[EventType "tourn (corr)"]
[EventRounds "7"]
[EventCountry "GER"]
[SourceTitle "Corr 2022"]
[Source "ChessBase"]
[SourceDate "2021.10.24"]
[SourceVersion "1"]
[SourceVersionDate "2021.10.24"]
[SourceQuality "1"]

1. e4 c5 2. Nf3 d6 3. d4 cxd4 4. Nxd4 Nf6 5. Nc3 a6 6. h3 e6 7. g4 h6 8. a3 b5 9. Bg2 Bb7 10. f4 Nc6 11. e5 Qb6 12. exf6 Nxd4 13. Bxb7 Qxb7 14. 0-0 Nc6 15. f5 gxf6 16. fxe6 fxe6 17. Rxf6 Qe7 18. Rf2 Bg7 19. Be3 Rf8 20. Rxf8+ Qxf8 21. Qe2 Nd4 22. Bxd4 Bxd4+ 23. Kh1 Be5 1/2-1/2

[Event "RA-2015-0-00396"]
[Site "LSS email"]
[Date "2015.07.03"]
[Round "?"]
[White "Borisov, Alexandr Vl"]
[Black "Kolanek, Roman"]
[Result "1-0"]
[WhiteElo "2147"]
[BlackElo "2076"]
[PlyCount "91"]
[EventDate "2015.05.25"]
[EventType "tourn (corr)"]
[EventRounds "6"]
[EventCountry "GER"]
[SourceTitle "Corr 2022"]
[Source "ChessBase"]
[SourceDate "2021.10.24"]
[SourceVersion "1"]
[SourceVersionDate "2021.10.24"]
[SourceQuality "1"]

1. e4 c5 2. Nf3 d6 3. d4 cxd4 4. Nxd4 Nf6 5. Nc3 a6 6. Bg5 e6 7. f4 Qb6 8. Qd2 Qxb2 9. Rb1 Qa3 10. e5 dxe5 11. fxe5 Nfd7 12. Ne4 h6 13. Bh4 Qxa2 14. Rd1 Qb2 15. Qe3 Bc5 16. Be2 Qa3 17. c3 Nc6 18. 0-0 Nxd4 19. Rxd4 Bxd4 20. Qxd4 0-0 21. Nf6+ Nxf6 22. Bxf6 Re8 23. Qg4 Qf8 24. Bd3 Rd8 25. Rf3 b5 26. Be4 Bb7 27. Bxb7 Rab8 28. Bxd8 Qxd8 29. Be4 Qd1+ 30. Kf2 Qd2+ 31. Kg3 b4 32. Kh3 b3 33. Rg3 Qg5 34. Qe2 Qf4 35. Rg4 Qc1 36. Qf3 h5 37. Rg3 Qh6 38. c4 b2 39. Bb1 a5 40. c5 a4 41. Qd3 g5 42. c6 h4 43. Rg4 Qg6 44. Qd1 f5 45. exf6 Qxf6 46. c7 1-0

[Event "RA-2015-0-00396"]
[Site "LSS email"]
[Date "2015.07.03"]
[Round "?"]
[White "Borisov, Alexandr Vl"]
[Black "Nowak, Ireneusz"]
[Result "1-0"]
[WhiteElo "2147"]
[BlackElo "2204"]
[PlyCount "73"]
[EventDate "2015.05.25"]
[EventType "tourn (corr)"]
[EventRounds "6"]
[EventCountry "GER"]
[SourceTitle "Corr 2022"]
[Source "ChessBase"]
[SourceDate "2021.10.24"]
[SourceVersion "1"]
[SourceVersionDate "2021.10.24"]
[SourceQuality "1"]

1. e4 d6 2. d4 Nf6 3. Nc3 g6 4. Be3 c6 5. Qd2 Bg7 6. Bh6 Bxh6 7. Qxh6 Qa5 8. Bd3 c5 9. d5 Nbd7 10. 0-0-0 Nb6 11. e5 Nfxd5 12. Qg7 Rf8 13. Bb5+ Bd7 14. Bxd7+ Kxd7 15. Nxd5 Nxd5 16. exd6 e6 17. Nf3 Qxa2 18. Ne5+ Kxd6 19. c4 Rae8 20. Kc2 Qa4+ 21. Kb1 f6 22. cxd5 exd5 23. Nd3 b6 24. Qxh7 g5 25. Rhe1 c4 26. Nc1 Rxe1 27. Rxe1 Qd7 28. Qc2 Kc7 29. Na2 Kb8 30. Rd1 Rc8 31. Qd2 Qh7+ 32. Kc1 Qxh2 33. Qxd5 Qf4+ 34. Rd2 Rc5 35. Qd8+ Rc8 36. Qe7 Rc7 37. Qe6 1-0

[Event "SB-2015-0-00408"]
[Site "LSS email"]
[Date "2015.03.31"]
[Round "?"]
[White "Granara Barreto, Sebastian"]
[Black "Borisov, Alexandr Vl"]
[Result "0-1"]
[WhiteElo "1924"]
[BlackElo "2039"]
[PlyCount "88"]
[EventDate "2015.02.02"]
[EventType "tourn (corr)"]
[EventRounds "6"]
[EventCountry "GER"]
[SourceTitle "Corr 2022"]
[Source "ChessBase"]
[SourceDate "2021.10.24"]
[SourceVersion "1"]
[SourceVersionDate "2021.10.24"]
[SourceQuality "1"]

1. e4 c5 2. Nf3 d6 3. d4 cxd4 4. Nxd4 Nf6 5. Nc3 a6 6. Be3 e6 7. Qd2 b5 8. f3 Nbd7 9. g4 b4 10. Na4 h6 11. 0-0-0 Ne5 12. b3 Bd7 13. Nb2 d5 14. Nd3 Bd6 15. exd5 Nxd5 16. Nf5 Nxd3+ 17. Qxd3 Be5 18. f4 Bc3 19. Nd6+ Kf8 20. Nc4 Bb5 21. Qe4 Qc7 22. Be2 Rc8 23. Rhf1 Kg8 24. Kb1 Bf6 25. Bd2 Qc5 26. Bd3 g6 27. Ne5 h5 28. g5 Bxd3 29. Qxd3 Bxe5 30. fxe5 Kg7 31. Rc1 Rhd8 32. Qe2 Rd7 33. Qf2 Qc7 34. Rfe1 a5 35. Re4 Qb7 36. Qh4 a4 37. Rc4 Ra8 38. Bxb4 axb3 39. cxb3 Nxb4 40. Rxb4 Qg2 41. Ra4 Rxa4 42. Qxa4 Rd2 43. h3 h4 44. Ka1 Re2 0-1

[Event "SB-2015-0-00408"]
[Site "LSS email"]
[Date "2015.03.30"]
[Round "?"]
[White "Borisov, Alexandr Vl"]
[Black "Ilyin, Igor"]
[Result "1-0"]
[WhiteElo "2039"]
[BlackElo "1911"]
[PlyCount "107"]
[EventDate "2015.02.02"]
[EventType "tourn (corr)"]
[EventRounds "6"]
[EventCountry "GER"]
[SourceTitle "Corr 2022"]
[Source "ChessBase"]
[SourceDate "2021.10.24"]
[SourceVersion "1"]
[SourceVersionDate "2021.10.24"]
[SourceQuality "1"]

1. e4 e6 2. d4 d5 3. Nc3 Nf6 4. e5 Nfd7 5. f4 c5 6. Nf3 Nc6 7. Be3 cxd4 8. Nxd4 Bc5 9. Qd2 0-0 10. 0-0-0 a6 11. Nb3 Bb4 12. Bd3 b5 13. g4 Bb7 14. Rhf1 Rc8 15. Qg2 Bxc3 16. bxc3 g6 17. Qh3 b4 18. Qh6 bxc3 19. Rf3 Qe7 20. Kb1 f6 21. Rh3 Qg7 22. Qxg7+ Kxg7 23. f5 exf5 24. Bh6+ Kg8 25. gxf5 Ncxe5 26. Bxf8 Nxf8 27. Na5 Rc7 28. Nxb7 Rxb7+ 29. Kc1 Rb2 30. Be2 Rxa2 31. Rxc3 Ra5 32. Rc7 gxf5 33. Rg1+ Neg6 34. Kd2 Ra4 35. Bf3 Ne6 36. Rd7 Rd4+ 37. Ke3 f4+ 38. Ke2 Nc5 39. Rc7 Ne4 40. Rb1 Rd2+ 41. Ke1 Rxh2 42. Rb8+ Nf8 43. Rcc8 Kg7 44. Rxf8 Rh3 45. Rg8+ Kf7 46. Ke2 h5 47. c4 a5 48. c5 Ke6 49. Rb6+ Ke5 50. c6 Rh2+ 51. Rg2 Rh1 52. c7 Rc1 53. Bxe4 dxe4 54. Rg7 1-0

[Event "SB-2015-0-00408"]
[Site "LSS email"]
[Date "2015.03.30"]
[Round "?"]
[White "Borisov, Alexandr Vl"]
[Black "Lanin, Boris"]
[Result "1-0"]
[WhiteElo "2039"]
[BlackElo "2034"]
[PlyCount "133"]
[EventDate "2015.02.02"]
[EventType "tourn (corr)"]
[EventRounds "6"]
[EventCountry "GER"]
[SourceTitle "Corr 2022"]
[Source "ChessBase"]
[SourceDate "2021.10.24"]
[SourceVersion "1"]
[SourceVersionDate "2021.10.24"]
[SourceQuality "1"]

1. e4 e5 2. Nf3 Nc6 3. Bb5 a6 4. Ba4 Nf6 5. 0-0 b5 6. Bb3 Bc5 7. c3 d6 8. a4 Bb7 9. d4 Bb6 10. Bg5 h6 11. Bxf6 Qxf6 12. Bd5 0-0 13. Na3 exd4 14. cxd4 Ra7 15. Nc2 bxa4 16. Rxa4 a5 17. Re1 Ne7 18. Bxb7 Rxb7 19. Ne3 c6 20. b4 axb4 21. Rxb4 Rbb8 22. Qb3 Bc7 23. Rc1 Rxb4 24. Qxb4 Rb8 25. Qa4 Bb6 26. Rb1 Qe6 27. Qa6 Nc8 28. Nc4 Qe7 29. h4 d5 30. exd5 cxd5 31. Nce5 Qe6 32. Re1 Qe8 33. Qa3 f6 34. Nd3 Qf7 35. Nb4 Na7 36. Rc1 Rb7 37. g3 Bd8 38. Nd3 Be7 39. Qa6 Bf8 40. Nf4 Rb3 41. Kg2 Rb8 42. h5 Qd7 43. Nh4 Nb5 44. Qe6+ Qxe6 45. Nxe6 Kf7 46. Rc6 Bd6 47. Nxg7 Kxg7 48. Nf5+ Kf8 49. Nxd6 Nxd4 50. Rc7 Kg8 51. Rc5 Ne6 52. Rxd5 Ng7 53. g4 Rb6 54. Kf3 Ra6 55. Ke4 Ra7 56. Rd4 Re7+ 57. Kf3 Re6 58. Kf4 Re2 59. Kg3 Re6 60. f3 Re1 61. Ra4 Re7 62. Ra8+ Kh7 63. Ne4 Rf7 64. Ra6 Ne8 65. Re6 Nc7 66. Rxf6 Rg7 67. g5 1-0

[Event "BI-2015-F-0000"]
[Site "LSS email"]
[Date "2015.02.12"]
[Round "?"]
[White "Borisov, Alexandr Vl"]
[Black "Fernandez, Javier Horacio"]
[Result "1-0"]
[WhiteElo "2039"]
[BlackElo "2317"]
[PlyCount "109"]
[EventDate "2015.02.11"]
[EventType "tourn (corr)"]
[EventRounds "10"]
[EventCountry "GER"]
[SourceTitle "Corr 2022"]
[Source "ChessBase"]
[SourceDate "2021.10.24"]
[SourceVersion "1"]
[SourceVersionDate "2021.10.24"]
[SourceQuality "1"]

1. e4 c6 2. d4 d5 3. e5 Bf5 4. Nf3 e6 5. Be2 Ne7 6. 0-0 Bg6 7. Nbd2 Nf5 8. Nb3 Nd7 9. Bd2 h6 10. a4 Be7 11. g4 Nh4 12. Nxh4 Bxh4 13. f4 Be4 14. a5 0-0 15. Be3 Be7 16. Bd3 Bxd3 17. Qxd3 f6 18. c4 Rc8 19. Qe2 Qe8 20. h3 a6 21. Rac1 Qf7 22. Kh2 fxe5 23. dxe5 c5 24. cxd5 exd5 25. Bg1 Qe6 26. Rce1 Qc6 27. Nd2 b5 28. axb6 Rb8 29. b4 c4 30. e6 Nxb6 31. Bd4 c3 32. Nf3 Nc4 33. g5 Qd6 34. Ne5 Qxe6 35. Qh5 Nd2 36. Rg1 Rf5 37. Ng6 Ne4 38. Nxe7+ Qxe7 39. Qg6 Qf7 40. gxh6 Qxg6 41. Rxg6 Rf7 42. Reg1 Kh7 43. hxg7 Nd2 44. g8Q+ Rxg8 45. Rxg8 Nf3+ 46. Kg3 Nxg1 47. Rh8+ Kg6 48. Bxg1 Rc7 49. Be3 d4 50. Bxd4 c2 51. Bb2 c1R 52. Bxc1 Rxc1 53. Ra8 Kf5 54. Rxa6 Rc3+ 55. Kh4 1-0

[Event "BI-2015-F-0000"]
[Site "LSS email"]
[Date "2015.02.12"]
[Round "?"]
[White "Borisov, Alexandr Vl"]
[Black "Pech, Jaroslav Sr"]
[Result "1-0"]
[WhiteElo "2039"]
[BlackElo "1933"]
[PlyCount "35"]
[EventDate "2015.02.11"]
[EventType "tourn (corr)"]
[EventRounds "10"]
[EventCountry "GER"]
[SourceTitle "Corr 2022"]
[Source "ChessBase"]
[SourceDate "2021.10.24"]
[SourceVersion "1"]
[SourceVersionDate "2021.10.24"]
[SourceQuality "1"]

1. e4 e5 2. Nf3 Nc6 3. Bb5 Nf6 4. d3 d6 5. 0-0 Be7 6. c3 0-0 7. Re1 a6 8. Ba4 b5 9. Bc2 d5 10. Nbd2 Bg4 11. h3 Bh5 12. g4 Bg6 13. Nh4 d4 14. Ndf3 Qd6 15. cxd4 Nxd4 16. Nxd4 Qxd4 17. Nf3 Qc5 18. Qe2 1-0

[Event "BI-2015-F-0000"]
[Site "LSS email"]
[Date "2015.02.12"]
[Round "?"]
[White "Johnson, Heinrich"]
[Black "Borisov, Alexandr Vl"]
[Result "0-1"]
[WhiteElo "2074"]
[BlackElo "2039"]
[PlyCount "102"]
[EventDate "2015.02.11"]
[EventType "tourn (corr)"]
[EventRounds "10"]
[EventCountry "GER"]
[SourceTitle "Corr 2022"]
[Source "ChessBase"]
[SourceDate "2021.10.24"]
[SourceVersion "1"]
[SourceVersionDate "2021.10.24"]
[SourceQuality "1"]

1. e4 c5 2. Nf3 d6 3. d4 cxd4 4. Nxd4 Nf6 5. Nc3 a6 6. f3 e6 7. Be3 b5 8. g4 b4 9. Nce2 e5 10. Nb3 h6 11. h4 d5 12. exd5 Nxd5 13. Bf2 Bb7 14. Qd3 Qc7 15. 0-0-0 Nd7 16. Ng3 Nf4 17. Qe3 Rc8 18. Rd2 Nf6 19. Rg1 g6 20. Qa7 Ra8 21. Bb6 Qc8 22. Rd8+ Qxd8 23. Qxb7 Qd5 24. Bxa6 Nd7 25. Be3 Rd8 26. Qxd5 Nxd5 27. Bf2 Be7 28. Rd1 Nc7 29. Bc4 Bxh4 30. Na5 Bg5+ 31. Kb1 Nf6 32. Bd3 Ncd5 33. Nc6 Rc8 34. Bb5 Kf8 35. Nxe5 Ne3 36. Rh1 Rc5 37. Nd7+ Nxd7 38. Bxd7 Rc7 39. Ne4 Bf4 40. Ba4 Kg7 41. Be1 Rb8 42. Bf2 Rd8 43. Bb3 Nc4 44. Bc5 Nd2+ 45. Nxd2 Rxc5 46. Ne4 Re5 47. a4 bxa3 48. bxa3 f5 49. gxf5 gxf5 50. Rg1+ Kh8 51. Nf2 Re3 0-1

[Event "BI-2015-F-0000"]
[Site "LSS email"]
[Date "2015.02.12"]
[Round "?"]
[White "Loktaev, Val"]
[Black "Borisov, Alexandr Vl"]
[Result "1/2-1/2"]
[WhiteElo "1756"]
[BlackElo "2039"]
[PlyCount "45"]
[EventDate "2015.02.11"]
[EventType "tourn (corr)"]
[EventRounds "10"]
[EventCountry "GER"]
[SourceTitle "Corr 2022"]
[Source "ChessBase"]
[SourceDate "2021.10.24"]
[SourceVersion "1"]
[SourceVersionDate "2021.10.24"]
[SourceQuality "1"]

1. d4 d5 2. c4 c6 3. Nf3 Nf6 4. Nc3 e6 5. e3 Nbd7 6. Qc2 Bd6 7. Bd3 dxc4 8. Bxc4 b5 9. Bd3 Bb7 10. a3 a6 11. b4 a5 12. Rb1 Qe7 13. Bd2 axb4 14. axb4 0-0 15. Ne4 Nxe4 16. Bxe4 g6 17. 0-0 Ra6 18. Bd3 Rfa8 19. Bc3 f5 20. Rb3 Ra2 21. Rb2 R2a4 22. Rfb1 Nb6 23. Ne5 1/2-1/2

[Event "WC-2015-P-00014"]
[Site "LSS email"]
[Date "2015.01.19"]
[Round "?"]
[White "Borisov, Alexandr Vl"]
[Black "Raffaele, Enzo"]
[Result "1-0"]
[WhiteElo "2039"]
[BlackElo "2210"]
[PlyCount "101"]
[EventDate "2015.01.25"]
[EventType "tourn (corr)"]
[EventRounds "12"]
[EventCountry "GER"]
[SourceTitle "Corr 2022"]
[Source "ChessBase"]
[SourceDate "2021.10.24"]
[SourceVersion "1"]
[SourceVersionDate "2021.10.24"]
[SourceQuality "1"]

1. e4 c5 2. Nf3 d6 3. d4 cxd4 4. Nxd4 Nf6 5. Nc3 a6 6. f3 e5 7. Nb3 Be6 8. Be3 Be7 9. Qd2 0-0 10. 0-0-0 Qc7 11. Kb1 Rc8 12. Qf2 Nbd7 13. g4 b5 14. g5 Nh5 15. h4 Bf8 16. Bh3 Rcb8 17. Bg4 g6 18. Bxh5 gxh5 19. Nd5 Bxd5 20. Rxd5 Rc8 21. Rhd1 Rab8 22. Nc1 Nb6 23. Bxb6 Rxb6 24. Nd3 Rc6 25. Rd2 Qb6 26. Nb4 Qxf2 27. Rxf2 Rc4 28. c3 a5 29. Nc2 R4c5 30. Rd1 a4 31. a3 d5 32. exd5 Rc4 33. Re2 Rxh4 34. d6 Rd8 35. d7 Rc4 36. Rxe5 Rc7 37. Red5 Bc5 38. f4 Bf2 39. Nb4 Kg7 40. f5 Bh4 41. Na6 Ra7 42. Nc5 Bxg5 43. f6+ Kh6 44. Ne4 Bf4 45. Kc2 Rc7 46. Rf5 Rcxd7 47. Rxd7 Rxd7 48. Rxf4 Kg6 49. b3 axb3+ 50. Kxb3 Rd1 51. a4 1-0

[Event "WC-2015-P-00014"]
[Site "LSS email"]
[Date "2015.01.19"]
[Round "?"]
[White "Raffaele, Enzo"]
[Black "Borisov, Alexandr Vl"]
[Result "1/2-1/2"]
[WhiteElo "2210"]
[BlackElo "2039"]
[PlyCount "79"]
[EventDate "2015.01.25"]
[EventType "tourn (corr)"]
[EventRounds "12"]
[EventCountry "GER"]
[SourceTitle "Corr 2022"]
[Source "ChessBase"]
[SourceDate "2021.10.24"]
[SourceVersion "1"]
[SourceVersionDate "2021.10.24"]
[SourceQuality "1"]

1. d4 d5 2. c4 c6 3. Nf3 Nf6 4. Nc3 e6 5. e3 Nbd7 6. Bd3 dxc4 7. Bxc4 b5 8. Bd3 Bb7 9. 0-0 a6 10. e4 c5 11. d5 Qc7 12. dxe6 fxe6 13. Bc2 Bd6 14. Ng5 Nf8 15. f4 0-0-0 16. Qe1 e5 17. Nd5 Bxd5 18. exd5 exf4 19. Bd2 Re8 20. Qf2 h6 21. Ne6 Nxe6 22. dxe6 Kb7 23. Bf5 g6 24. Bxg6 Rxe6 25. Bf5 Re7 26. a4 b4 27. Rac1 Rhe8 28. Bxf4 Bxf4 29. Qxf4 Qxf4 30. Rxf4 Nd5 31. Rh4 Re2 32. b3 Ne3 33. Be4+ Kb8 34. Bf3 Nxg2 35. Bxg2 Rg8 36. Rxc5 Rgxg2+ 37. Kh1 Rb2 38. Rxb4+ Ka7 39. Rc7+ Ka8 40. Rc6 1/2-1/2

[Event "WC-2015-P-00014"]
[Site "LSS email"]
[Date "2015.01.19"]
[Round "?"]
[White "Vodicka, Milan"]
[Black "Borisov, Alexandr Vl"]
[Result "0-1"]
[WhiteElo "2016"]
[BlackElo "2039"]
[PlyCount "65"]
[EventDate "2015.01.25"]
[EventType "tourn (corr)"]
[EventRounds "12"]
[EventCountry "GER"]
[SourceTitle "Corr 2022"]
[Source "ChessBase"]
[SourceDate "2021.10.24"]
[SourceVersion "1"]
[SourceVersionDate "2021.10.24"]
[SourceQuality "1"]

1. d4 d5 2. c4 c6 3. Nf3 Nf6 4. Nc3 e6 5. e3 Nbd7 6. Qc2 Bd6 7. b3 0-0 8. Be2 b6 9. 0-0 Bb7 10. Bb2 Qe7 11. h3 Rac8 12. Rac1 c5 13. cxd5 exd5 14. dxc5 bxc5 15. Rcd1 d4 16. exd4 Bxf3 17. Bxf3 cxd4 18. Rxd4 Qe5 19. Rxd6 Qxd6 20. Rd1 Qb4 21. Be2 Qa5 22. a3 Rfd8 23. b4 Qb6 24. Bf1 Nf8 25. Rxd8 Qxd8 26. Qe2 Ne6 27. Nb5 Qd7 28. Qe3 Qd1 29. Qxa7 Ne4 30. Nd4 Nxd4 31. Bxd4 Nd2 32. Qa6 Rd8 33. Be3 0-1

[Event "RC-2014-0-00163"]
[Site "LSS email"]
[Date "2014.12.02"]
[Round "?"]
[White "Borisov, Alexandr Vl"]
[Black "Moreira, Carlos"]
[Result "1-0"]
[WhiteElo "1972"]
[BlackElo "1746"]
[PlyCount "65"]
[EventDate "2014.10.26"]
[EventType "tourn (corr)"]
[EventRounds "6"]
[EventCountry "GER"]
[SourceTitle "Corr 2022"]
[Source "ChessBase"]
[SourceDate "2021.10.24"]
[SourceVersion "1"]
[SourceVersionDate "2021.10.24"]
[SourceQuality "1"]

1. e4 e5 2. Nf3 Nc6 3. Bb5 a6 4. Ba4 Nf6 5. 0-0 Be7 6. Re1 b5 7. Bb3 d6 8. c3 0-0 9. h3 Nb8 10. d4 Nbd7 11. Bc2 Bb7 12. Nbd2 Re8 13. Nf1 Bf8 14. Ng3 g6 15. a4 c5 16. d5 c4 17. Bg5 Bg7 18. Qd2 Nc5 19. Nh2 Qc7 20. f4 Nxa4 21. Bxa4 bxa4 22. f5 Qb6+ 23. Kh1 a3 24. bxa3 Qc7 25. Rf1 Nd7 26. Ng4 Kh8 27. fxg6 fxg6 28. Rf7 Rf8 29. Raf1 Rxf7 30. Rxf7 Rf8 31. Re7 Qc8 32. Bh6 Rg8 33. Qg5 1-0

[Event "CP-2014-Q-00001"]
[Site "LSS email"]
[Date "2014.12.02"]
[Round "?"]
[White "Borisov, Alexandr Vl"]
[Black "Owens, Johnny"]
[Result "1-0"]
[WhiteElo "1983"]
[BlackElo "1798"]
[PlyCount "45"]
[EventDate "2014.12.08"]
[EventType "tourn (corr)"]
[EventRounds "6"]
[EventCountry "GER"]
[SourceTitle "Corr 2022"]
[Source "ChessBase"]
[SourceDate "2021.10.24"]
[SourceVersion "1"]
[SourceVersionDate "2021.10.24"]
[SourceQuality "1"]

1. e4 e6 2. d4 d5 3. Nc3 dxe4 4. Nxe4 Nd7 5. Nf3 Ngf6 6. Bd3 Nxe4 7. Bxe4 Nf6 8. Bd3 Be7 9. Qe2 Qd6 10. Bg5 b6 11. Ne5 Bb7 12. 0-0-0 0-0 13. Kb1 h6 14. h4 Rad8 15. Qe3 h5 16. Rh3 Nd5 17. Qe2 Bxg5 18. hxg5 g6 19. Rxh5 Nf4 20. Rh4 Nxg2 21. Rh6 Nf4 22. f3 Nh5 23. Bxg6 1-0

[Event "CP-2014-Q-00001"]
[Site "LSS email"]
[Date "2014.12.02"]
[Round "?"]
[White "Borisov, Alexandr Vl"]
[Black "Zielinski, Sergej"]
[Result "1/2-1/2"]
[WhiteElo "1983"]
[BlackElo "2299"]
[PlyCount "95"]
[EventDate "2014.12.08"]
[EventType "tourn (corr)"]
[EventRounds "6"]
[EventCountry "GER"]
[SourceTitle "Corr 2022"]
[Source "ChessBase"]
[SourceDate "2021.10.24"]
[SourceVersion "1"]
[SourceVersionDate "2021.10.24"]
[SourceQuality "1"]

1. e4 e5 2. Nf3 Nc6 3. Bb5 a6 4. Ba4 Nf6 5. 0-0 Be7 6. Re1 b5 7. Bb3 d6 8. c3 0-0 9. h3 Na5 10. Bc2 c5 11. d4 Qc7 12. Nbd2 cxd4 13. cxd4 Nc6 14. Nb3 a5 15. Be3 a4 16. Nbd2 Bd7 17. Rc1 Qb7 18. Nf1 Rfc8 19. Ng3 g6 20. b3 axb3 21. Bxb3 exd4 22. Bg5 Be6 23. Bxe6 fxe6 24. Nxd4 Nxd4 25. Qxd4 Kf7 26. Rxc8 Rxc8 27. Bxf6 Rc4 28. Qd2 Bxf6 29. Qxd6 h5 30. Qd3 Be7 31. Nf1 Qc7 32. Ne3 Rc5 33. g3 Qe5 34. h4 b4 35. Ng2 Rc3 36. Qd2 Bc5 37. Kh2 Qd4 38. Re2 Qxd2 39. Rxd2 e5 40. Ne1 Bd4 41. Kg2 Kf6 42. Rc2 Ra3 43. Nf3 Ba1 44. Ng1 Rc3 45. Rd2 Ke6 46. Ne2 Ra3 47. Nc1 Bc3 48. Rc2 1/2-1/2

[Event "SC-2014-0-00247"]
[Site "LSS email"]
[Date "2014.12.02"]
[Round "?"]
[White "Owens, Johnny"]
[Black "Borisov, Alexandr Vl"]
[Result "0-1"]
[WhiteElo "1792"]
[BlackElo "1981"]
[PlyCount "88"]
[EventDate "2014.11.09"]
[EventType "tourn (corr)"]
[EventRounds "6"]
[EventCountry "GER"]
[SourceTitle "Corr 2022"]
[Source "ChessBase"]
[SourceDate "2021.10.24"]
[SourceVersion "1"]
[SourceVersionDate "2021.10.24"]
[SourceQuality "1"]

1. d4 d5 2. Nf3 Nf6 3. Bf4 c5 4. e3 Nc6 5. dxc5 e6 6. c4 Bxc5 7. Nc3 0-0 8. Be2 Qe7 9. cxd5 Rd8 10. 0-0 Nxd5 11. Nxd5 exd5 12. Rc1 Bf5 13. Qb3 h6 14. Rfd1 Be4 15. Nd2 Bf5 16. Qb5 Bb6 17. a3 Qf6 18. b4 Qb2 19. Ra1 Bc2 20. Re1 d4 21. Nc4 Qc3 22. Nxb6 axb6 23. exd4 Rxa3 24. Rac1 Nxd4 25. Qe5 Qxb4 26. Bf1 b5 27. Qc7 Raa8 28. Be3 Rac8 29. Qf4 Rc6 30. h4 Re6 31. h5 Qe7 32. Qg4 Bf5 33. Qf4 Qd6 34. Qxd6 Rexd6 35. Bxd4 Rxd4 36. Bxb5 Bg4 37. Re7 b6 38. Rb7 Rd1+ 39. Rxd1 Rxd1+ 40. Kh2 Rd6 41. f3 Bxh5 42. g4 Bg6 43. Bc4 Rd4 44. Bb5 h5 0-1

[Event "CP-2014-Q-00001"]
[Site "LSS email"]
[Date "2014.12.02"]
[Round "?"]
[White "Szymanski, Robert"]
[Black "Borisov, Alexandr Vl"]
[Result "1/2-1/2"]
[WhiteElo "2372"]
[BlackElo "1983"]
[PlyCount "48"]
[EventDate "2014.12.08"]
[EventType "tourn (corr)"]
[EventRounds "6"]
[EventCountry "GER"]
[SourceTitle "Corr 2022"]
[Source "ChessBase"]
[SourceDate "2021.10.24"]
[SourceVersion "1"]
[SourceVersionDate "2021.10.24"]
[SourceQuality "1"]

1. e4 c5 2. Ne2 Nf6 3. Nbc3 d6 4. d4 cxd4 5. Nxd4 a6 6. h3 e6 7. g4 h6 8. Bg2 Be7 9. h4 Nc6 10. g5 hxg5 11. hxg5 Rxh1+ 12. Bxh1 Nh7 13. g6 fxg6 14. Nxc6 bxc6 15. Qd3 e5 16. Qc4 Bd7 17. Be3 Bg5 18. Qg8+ Nf8 19. 0-0-0 Bxe3+ 20. fxe3 Qf6 21. Qc4 g5 22. b3 g4 23. Kb2 Qh6 24. Na4 Rb8 1/2-1/2